Zlepšenie výrobného procesu s využitím simulácie automatickej linky výroby kanýl

Saved in:
Bibliographic Details
Main Author: Ďuriš, Tomáš (Author)
Other Authors: Važan, Pavel (Thesis advisor)
Format: Manuscript Book
Language:Slovak
Published: 2025
Subjects:
Online Access:http://is.stuba.sk/zp/portal_zp.pl?podrobnosti=186073
Tags: Add Tag
No Tags, Be the first to tag this record!

MARC

LEADER 00000ntm a22000003a 4500
001 stuzp102068
003 SK-STU
005 20250614210931.4
007 ta
008 150427s2015----xo-----f-mn---000-0-slo-d
040 |a STU  |b slo 
041 0 |a slo 
100 1 |a Ďuriš, Tomáš  |u 064000  |4 aut  |U MTF Materiálovotechnologická fakulta  |T MTF Ústav priemyselného inžinierstva a manažmentu  |X 128806  |U M4000  |Y 84  |7 128806 
242 0 1 |a Improvement of the production process using the simulation of the automatic cannula production line  |y eng 
245 1 0 |a Zlepšenie výrobného procesu s využitím simulácie automatickej linky výroby kanýl 
260 |c 2025 
650 4 |a simulation  |2 eng 
650 4 |a management  |2 eng 
650 4 |a process improvement  |2 eng 
650 4 |a simulácia  |2 slo 
650 4 |a riadenie  |2 slo 
650 4 |a zlepšenie procesov  |2 slo 
700 1 |a Važan, Pavel  |u 066000  |k Z1  |4 ths  |U MTF Materiálovotechnologická fakulta  |T MTF Ústav aplikovanej informatiky, automatizácie a mechatroniky  |X 323  |U M6000  |Y 86  |7 A000000323 
856 4 |u http://is.stuba.sk/zp/portal_zp.pl?podrobnosti=186073 
996 |c M* DP-15517  |l MMSKP  |s P  |a 0  |w stuzp102068_0001